Pobladores, participación social y ciudadanía : entre los pasajes y las anchas alamedas /

En los periodos de auge de los conflictos sociales urbanos, referirse al movimiento de pobladores parece una obviedad. En los periodos de menos actividad, sin embargo, parece que los pobladores hubieran poco menos que desaparecido. Esta discontinuidad en la acción colectiva de los pobladores es una...

Full description

Bibliographic Details
Main Author: Espinoza, Vicente
Format: Analitica de revista
Language:Spanish
Published: Santiago, Chile SUR 1993
Subjects:

MARC

LEADER 00000cab a2200000 a 4500
001 037701
003 UAHC_CL
005 20171123173447.0
008 140120s1993 cl 000 spa
952 |0 0  |1 0  |4 0  |6 PROPOSICIONES_22_93_000000000000000  |7 0  |8 COMP  |9 71717  |a BC  |b BC  |c COMP  |d 2017-08-03  |l 0  |o PROPOSICIONES-22/93  |r 2017-08-03 00:00:00  |t 1  |w 2017-08-03  |y REVA 
999 |c 37701  |d 37701 
040 |a UAHC_CL  |c UAHC_CL  |d UAHC_CL 
100 1 |a Espinoza, Vicente 
245 1 0 |a Pobladores, participación social y ciudadanía :  |b entre los pasajes y las anchas alamedas /  |c Vicente Espinoza. 
260 |b SUR  |c 1993  |a Santiago, Chile 
300 |a pp. 21-53 
310 |a Anual. 
362 0 |a Año 1, no. 1 (nov. 2002)- . 
362 0 |a Año 1, no. 1 (nov. 2002)- . 
500 |a En: Proposiciones. no. 22, 1993. pp. 21-53. ISSN. 956208051X. 
520 |a En los periodos de auge de los conflictos sociales urbanos, referirse al movimiento de pobladores parece una obviedad. En los periodos de menos actividad, sin embargo, parece que los pobladores hubieran poco menos que desaparecido. Esta discontinuidad en la acción colectiva de los pobladores es una constante histórica que debe tomarse en cuenta para su definición como actor social. 
650 4 |a PARTICIPACION SOCIAL  |z CHILE 
650 4 |a POBLADORES  |z CHILE  |x ACTIVIDAD POLITICA 
900 |a PROPOSICIONES-22/93 
942 |c REVA  |2 ddc